000 00316nam a22001337a 4500
020 _a978-81-226-1166-3
082 _a894.812
_bRAM/K
100 _aRAMA VARMA, K T
245 _aKALAPORINTE NAATIL
260 _aTHRISSUR
_bCURRENT BOOKS
_c2013
300 _a136
650 _a MALAYALAM TRAVELLOUGE
_zSPAIN
942 _cBK
999 _c6980
_d6980